Taylor swift ERAS MEGAMIX part 1!!!!! - Statistics

General Stats
  • This quiz has been taken 24 times
  • The average score is 136 of 420
Answer Stats
Answer % Correct
I
79%
A
74%
It
68%
Be
63%
Love
63%
My
63%
Me
58%
The
58%
To
58%
You
58%
Do
53%
Its
53%
Never
53%
An
47%
By
47%
Dont
47%
And
42%
Are
42%
In
42%
Is
42%
No
42%
Say
42%
That
42%
This
42%
When
42%
Your
42%
Been
37%
Can
37%
Hear
37%
If
37%
Ive
37%
Of
37%
On
37%
So
37%
Time
37%
Was
37%
We
37%
Were
37%
All
32%
Cause
32%
Come
32%
Ever
32%
Like
32%
Lover
32%
Silence
32%
Want
32%
What
32%
Win
32%
Yeah
32%
Back
26%
Before
26%
Call
26%
Could
26%
Dreams
26%
Feel
26%
Ill
26%
Knew
26%
Leave
26%
Long
26%
Middle
26%
Night
26%
Said
26%
Trouble
26%
Wanted
26%
Well
26%
Air
21%
Around
21%
At
21%
Baby
21%
But
21%
Film
21%
Getting
21%
Gone
21%
How
21%
Im
21%
Just
21%
Know
21%
Light
21%
Magic
21%
Now
21%
Off
21%
Seen
21%
Shake
21%
Shouldve
21%
Thats
21%
Think
21%
Together
21%
Walked
21%
Way
21%
Wildest
21%
Would
21%
Alright
16%
As
16%
Babe
16%
Bad
16%
Beautiful
16%
Blood
16%
Down
16%
Gonna
16%
Got
16%
Hate
16%
Hoping
16%
Id
16%
Salt
16%
Saying
16%
Streams
16%
Tradgic
16%
Up
16%
Wasting
16%
Why
16%
With
16%
Wouldve
16%
Any
11%
Anywhere
11%
Autumn
11%
Better
11%
Breath
11%
Bye
11%
Cold
11%
Even
11%
Heart
11%
Heaven
11%
Honest
11%
Knees
11%
Looked
11%
Mythical
11%
Out
11%
Pain
11%
Stayed
11%
Take
11%
Than
11%
Theres
11%
Thing
11%
Trace
11%
Truth
11%
Wish
11%
Again
5%
Almost
5%
Begin
5%
Breathless
5%
Brittle
5%
Cascade
5%
Chill
5%
Cuts
5%
Death
5%
Deep
5%
Didnt
5%
Directly
5%
Door
5%
Dress
5%
Drowning
5%
Existed
5%
Finally
5%
Fire
5%
Forgot
5%
Gave
5%
Gets
5%
Goodbye
5%
Itll
5%
Keep
5%
Killed
5%
Left
5%
Live
5%
Many
5%
Marry
5%
Mirror
5%
Morning
5%
Nice
5%
Ocean
5%
Paper
5%
Regret
5%
Right
5%
Rings
5%
Screaming
5%
Shadows
5%
Side
5%
Sign
5%
Signs
5%
Standing
5%
Stare
5%
Sun
5%
Tell
5%
Thousand
5%
Wake
5%
Wakes
5%
Wanna
5%
Warm
5%
Warning
5%
Watched
5%
Wondering
5%
Write
5%
Bent
0%
Blue
0%
Cards
0%
Damn
0%
Eye
0%
Eyes
0%
Haunted
0%
Leaving
0%
Less
0%
Life
0%
More
0%
Open
0%
Season
0%
Staring
0%
Storm
0%
Sunset
0%
Tis
0%
Waves
0%
Willow
0%
Window
0%
No matching quizzes found
Score Distribution
Percent of People with Each Score
Percentile by Number Answered
Your Score History
You have not taken this quiz